| 000 | 01239cam a22002534a 4500 | ||
|---|---|---|---|
| 005 | 20250605164116.0 | ||
| 008 | 250528s ||||||||||||||||||||||||d | ||
| 035 | _a18096 | ||
| 020 | _a914783270 | ||
| 040 |
_aGR-AtMCL _bgre _dGR-AtMCL _eAACR2 |
||
| 245 | 1 | _aPerspectives on Death and Dying / Cross-Cultural and Multi-Disciplinary Views | |
| 260 |
_bThe Charles Press, Publishers, _c1989 |
||
| 300 | _a272 | ||
| 520 | _aEditors, Preface, Acknowledgements, Cross-Cultural Perspectives, Mythological Aspects of Death and Dying, Death and the Afterlife in African Culture, The Concept of Death and the Afterlife in Islam, The Hindu Concept of Death, Conquering Death, Chinese Perspectives on Death and Dying, The Ethics of Certain Death: Suicide and Execution and Euthanasia, Jungian Psychology and the Nature of Death, Does Religion Need Immortality?, A Postmodern Mythology of Death, The Near-Death Experience: Cross-Cultural and Multi-Disciplinary, Index. | ||
| 700 | 1 |
_aBadham Rev. Paul _94383 |
|
| 700 | 1 |
_aBeloff John _94384 |
|
| 700 | 1 |
_aBerger Arthur _94385 |
|
| 700 | 1 |
_aBerger Joyce _94386 |
|
| 700 | 1 |
_aKutscher Austin H _94387 |
|
| 700 | 1 |
_aPerry Ven. Michael _94388 |
|
| 942 | _cBK | ||
| 999 |
_c3481 _d3481 |
||